Vplyv ceny ropy na vývoj HDP Slovenskej republiky
Volatilita cien ropy na HDP Slovenskej republiky. Závislosť medzi zmenou ceny ropy a HDP Slovenskej republiky. Prognózy dopadu poklesu cien ropy na svetové ekonomiky, medzi ktorými je aj Slovenská republika.
Uložené v:
| Hlavný autor: | |
|---|---|
| Ďalší autori: | |
| Médium: | Kapitola |
| Jazyk: | Slovak |
| Predmet: | |
| Tagy: |
Žiadne tagy, Buďte prvý, kto otaguje tento záznam!
|
MARC
| LEADER | 00000nla a2200000 4500 | ||
|---|---|---|---|
| 001 | 0223561 | ||
| 005 | 20240502073646.5 | ||
| 041 | 0 | |a slo | |
| 044 | |a SK | ||
| 245 | 1 | 0 | |a Vplyv ceny ropy na vývoj HDP Slovenskej republiky |c Stanislav Zábojník, Simona Stratená |
| 520 | |a Volatilita cien ropy na HDP Slovenskej republiky. Závislosť medzi zmenou ceny ropy a HDP Slovenskej republiky. Prognózy dopadu poklesu cien ropy na svetové ekonomiky, medzi ktorými je aj Slovenská republika. | ||
| 610 | 2 | 0 | |a ropa |
| 610 | 2 | 0 | |a obchod medzinárodný |
| 610 | 2 | 0 | |a ceny |
| 610 | 2 | 0 | |a volatilita |
| 610 | 2 | 0 | |a porovnanie medzinárodné |
| 610 | 2 | 0 | |a prognózy |
| 610 | 2 | 0 | |a štatistika prognostická |
| 100 | 1 | |a Zábojník, Stanislav, 1984- | |
| 700 | 1 | |a Stratená, Simona | |